Rethinking sexual identity in education /

Bibliographic Details
Main Author: Birden, Susan, 1955-
Format: Book
Language:English
Published: Lanham, Md. : Rowman & Littlefield Publishers, [2005]
Series:Curriculum, cultures, and (homo)sexualities.
Subjects:

MARC

Tag First Indicator Second Indicator Subfields
LEADER 00000pam a22000004a 4500
001 in00002025513
005 20151031164050.0
008 040504s2005 mdu b 001 0 eng
010 |a  2004010039 
020 |a 0742542947 (cloth : alk. paper) 
020 |a 0742542955 (pbk. : alk. paper) 
035 |a (OCoLC)ocm55124425 
040 |a DLC  |c DLC  |d UtOrBLW 
042 |a pcc 
043 |a n-us--- 
049 |a TXAM 
050 0 0 |a LC192.6  |b .B54 2005 
082 0 0 |a 371.826/64  |2 22 
100 1 |a Birden, Susan,  |d 1955- 
245 1 0 |a Rethinking sexual identity in education /  |c Susan Birden. 
264 1 |a Lanham, Md. :  |b Rowman & Littlefield Publishers,  |c [2005] 
264 4 |c ©2005 
300 |a x, 209 pages ;  |c 23 cm. 
336 |a text  |b txt  |2 rdacontent 
337 |a unmediated  |b n  |2 rdamedia 
338 |a volume  |b nc  |2 rdacarrier 
490 1 |a Curriculum, cultures, and (homo)sexualities 
504 |a Includes bibliographical references and index. 
505 0 |a Compulsory heterosexuality as mis-education -- The praxes in re sexual identity -- Woolf, with attitude -- Problematizing the praxes in re sexual identity -- Envisioning an out-sider's praxis. 
650 0 |a Homosexuality and education  |z United States. 
650 0 |a Gender identity in education  |z United States. 
650 0 |a Education  |x Social aspects  |z United States. 
830 0 |a Curriculum, cultures, and (homo)sexualities. 
945 |i PromptCat 
948 |a cataloged  |b h  |c 2005/1/26  |d c  |e eneff  |f 11:48:45 am 
994 |a 92  |b TXA 
999 |a MARS 
999 f f |s 73756b22-bb31-3912-a490-2b6015e14897  |i 4d36755f-2d3f-38cc-8eca-93c9550b37ab  |t 0 
952 f f |p normal  |a Texas A&M University  |b College Station  |c Sterling C. Evans Library  |d Evans: Library Stacks  |t 0  |e LC192.6 .B54 2005  |h Library of Congress classification  |i unmediated -- volume  |m A14831726351 
998 f f |a LC192.6 .B54 2005  |t 0  |l Evans: Library Stacks